000 00322nam a2200133Ia 4500
005 20260328101444.0
008 260328s9999||||xx |||||||||||||| ||und||
100 _aKepes, Gyorgy
245 0 _aArts of the environment /
_cGyorgy Kepes
260 _bGeorge Brazilier
300 _a244 p.
650 _aURBANISMO
942 _cBK
999 _c8381
_d8381